00850nam a2200205 i 450000100060000000300090000600500170001500700030003200800410003510000230007624501370009925000580023626000840029430000400037870000220041870000330044085200320047399900170050595201220052288528ES-MaACL20230906175857.0t|050104s1954 sp ||||1| spa d1 aLamalle, U.96975913aLa locomotora b: manual práctico para los maquinistas y fogoneros / cpor U. Lamalle, F. Legein ; traducción de Antidio Layret. a2ª ed. corr. y amp. de acuerdo con la 4ª ed. belga. aBarcelona : bGustavo Gili, c1954 (fCasa Provincial de Caridad, Imp. Escuela) a678 p., 2 lám. : bil. ; c23 cm.1 aLegein, F.9712691 aLayret Foix, Antidio.970769 aES-MaACLjC-31544 bR.36826 c88528d88528 00104070aATENEOMbATENEOMcDEPO2d2008-01-17eSCl0oC-31544p1092472r2023-02-23 00:00:00w2023-02-23yMONOGRAFIA